Insurance regulation and supervision in Asia and Latin America

Gespeichert in:
Bibliographische Detailangaben
Format: Buch
Sprache:Englisch
Veröffentlicht: Paris OECD 2001
Schriftenreihe:Insurance and pensions
OECD Proceedings
Schlagworte:
Tags: Tag hinzufügen
Keine Tags, Fügen Sie das erste Tag hinzu!

MARC

LEADER 00000nam a2200000 4500
001 c126814
005 20221124105225.2
020 |a 92-64-18687-5 
041 0 |a eng 
044 |a FR 
245 1 0 |a Insurance regulation and supervision in Asia and Latin America 
264 1 |a Paris  |b OECD  |c 2001 
300 |a 182 s. 
490 1 |a Insurance and pensions 
830 0 |a Insurance and pensions 
490 1 |a OECD Proceedings 
830 0 |a OECD Proceedings 
610 2 0 |a poisťovníctvo 
610 2 0 |a poisťovne 
610 2 0 |a poistenie 
610 2 0 |a kontrola 
610 2 0 |a trh poistný 
610 2 0 |a regulácia 
610 2 0 |a kontrola 
610 2 0 |a Ázia 
610 2 0 |a Amerika